000 00461cam a2200145 4500500
005 20251012010459.0
041 _afre
042 _adc
100 1 0 _aCerf, Juliette
_eauthor
245 0 0 _aNicolas Philibert. Le réfléchi
260 _c2007.
500 _a25
786 0 _nPhilosophie magazine | 13 | 10 | 2007-10-01 | p. 42-42 | 1951-1787
856 4 1 _uhttps://shs.cairn.info/magazine-philosophie-magazine-2007-10-page-42?lang=fr&redirect-ssocas=7080
999 _c1519371
_d1519371